Christian counseling : (Record no. 948)

MARC details
000 -LEADER
fixed length control field 02405cam a2200337 a 4500
001 - CONTROL NUMBER
control field 240504
003 - CONTROL NUMBER IDENTIFIER
control field GBCCL
005 - DATE AND TIME OF LATEST TRANSACTION
control field 20241126110349.0
008 - FIXED-LENGTH DATA ELEMENTS--GENERAL INFORMATION
fixed length control field 060626s2007 tnua b 001 0 eng
010 ## -
-- 2006021285
020 ## - INTERNATIONAL STANDARD BOOK NUMBER
International Standard Book Number 1418503290
020 ## - INTERNATIONAL STANDARD BOOK NUMBER
International Standard Book Number 9781418503291
035 ## - SYSTEM CONTROL NUMBER
System control number (OCoLC)ocm70258858
035 ## - SYSTEM CONTROL NUMBER
System control number (OCoLC)70258858
Canceled/invalid control number (OCoLC)123399302
040 ## - CATALOGING SOURCE
Original cataloging agency DLC
Language of cataloging eng
Transcribing agency DLC
Modifying agency YDX
-- BAKER
-- BTCTA
-- YDXCP
049 ## -
-- LBBT
050 00 -
-- BV4012.2
-- .C56 2007
082 00 - DEWEY DECIMAL CLASSIFICATION NUMBER
Classification number 253.5
Edition information 22
Item number COL
090 ## - LOCALLY ASSIGNED LC-TYPE CALL NUMBER (OCLC); LOCAL CALL NUMBER (RLIN)
Classification number (OCLC) (R) ; Classification number, CALL (RLIN) (NR) BV4012.2
Local cutter number (OCLC) ; Book number/undivided call number, CALL (RLIN) .C56 2007
100 1# - MAIN ENTRY--PERSONAL NAME
Personal name Collins, Gary R.
9 (RLIN) 232
245 10 - TITLE STATEMENT
Title Christian counseling :
Remainder of title a comprehensive guide /
Statement of responsibility, etc. Gary R. Collins.
250 ## - EDITION STATEMENT
Edition statement 3rd ed.
260 ## - PUBLICATION, DISTRIBUTION, ETC.
Place of publication, distribution, etc. Nashville, Tenn. :
Name of publisher, distributor, etc. Thomas Nelson,
Date of publication, distribution, etc. c2007.
300 ## - PHYSICAL DESCRIPTION
Extent xv, 976 p. :
Other physical details ill. ;
Dimensions 24 cm.
504 ## - BIBLIOGRAPHY, ETC. NOTE
Bibliography, etc. note Includes bibliographical references (p. [865]-964) and index.
505 0# - FORMATTED CONTENTS NOTE
Formatted contents note Part 1: Introductory issues -- The changes in counseling -- The counselor and counseling -- The church and counseling -- The community and counseling -- The core of counseling -- The legal, ethical, and moral issues in Christian counseling -- The multicultural issues in Christian counseling -- Part 2: Prominent issues -- Depression -- Anxiety -- Anger -- Guilt and forgiveness -- Loneliness -- Part 3: Developmental issues -- Childhood -- Adolescence -- Twenties and thirties -- Forties and fifties -- The later years -- Part 4: Iinterpersonal issues -- Conflict and relationships -- Sex apart from marriage -- Sex within marriage -- Homosexuality -- Abuse and neglect -- Part 5: Identity issues -- Inferiority and self-esteem -- Physical illness -- Grief -- Singleness -- Choosing a marriage partner -- Part 6: Family issues -- Premarital counseling -- Marriage issues -- Pregnancy issues -- Family issues -- Divorce and remarriage -- Part 7: Control issues -- Mental disorders -- Alcohol-related problems -- Addictions -- Financial counseling -- Vocational counseling -- Part 8: Concluding issues -- Crises -- Trauma, terror, and terrorism -- Other issues -- Spiritual issues -- Counseling the counselor -- Part 9: Future issues -- Counseling waves of the future.
650 #0 - SUBJECT ADDED ENTRY--TOPICAL TERM
Topical term or geographic name entry element Pastoral counseling.
9 (RLIN) 547
856 41 - ELECTRONIC LOCATION AND ACCESS
Materials specified Table of contents only
Uniform Resource Identifier <a href="http://catdir.loc.gov/catdir/toc/ecip0616/2006021285.html">http://catdir.loc.gov/catdir/toc/ecip0616/2006021285.html</a>
856 42 - ELECTRONIC LOCATION AND ACCESS
Materials specified Publisher description
Uniform Resource Identifier <a href="http://catdir.loc.gov/catdir/enhancements/fy0622/2006021285-d.html">http://catdir.loc.gov/catdir/enhancements/fy0622/2006021285-d.html</a>
942 ## - ADDED ENTRY ELEMENTS (KOHA)
Source of classification or shelving scheme Dewey Decimal Classification
Koha item type Books
Koha issues (borrowed), all copies 25
Holdings
Withdrawn status Lost status Source of classification or shelving scheme Damaged status Not for loan Home library Current Library Shelving location Date acquired Total checkouts Total renewals Full call number Barcode Date last seen Date last checked out Copy number Price effective from Koha item type
    Dewey Decimal Classification     GRACE BIBLE COLLEGE GRACE BIBLE COLLEGE Ministry & Mission 2017-03-30 23 9 253.5 COL 014279 2025-05-01 2023-10-13 c.1 2017-03-30 Books
    Dewey Decimal Classification     GRACE BIBLE COLLEGE GRACE BIBLE COLLEGE Ministry & Mission 2023-06-29 5   253.5 COL 016331 2025-05-01 2025-03-10 c.2 2023-06-29 Books
© Grace Bible College Library 2025